书目信息 |
| 题名: |
西方政治思想概述
|
|
| 作者: | 穆霍帕德希亚 著 ;姚鹏 译 | |
| 分册: | ||
| 出版信息: | 北京 求实出版社 1984 |
|
| 页数: | 215页 | |
| 开本: | 21cm | |
| 丛书名: | 教研参考 | |
| 单 册: | ||
| 中图分类: | D095.06 , D091.4 | |
| 科图分类: | ||
| 主题词: | 政治思想史--西方国家--近代 , 政治学--历史 , 政治思想史 | |
| 电子资源: | ||
| ISBN: | ||
| 000 | 00897nam2 2200325 45 | |
| 001 | 0184010655 | |
| 005 | 20040430141012.6 | |
| 010 | @dCNY1.00 | |
| 091 | @a3231.183 | |
| 100 | @a19950310d1984 emky0chiy0121 ea | |
| 101 | 1 | @achi@cinc |
| 102 | @aCN@b110000 | |
| 105 | @ay z 000yy | |
| 106 | @ar | |
| 200 | 10 | @a西方政治思想概述@Axi fang zheng zhi si xiang gai shu@f(印)阿·库·穆霍帕德希亚著@g姚鹏译 |
| 210 | @a北京@c求实出版社@d1984 | |
| 215 | @a215页@d21cm | |
| 225 | 2 | @a教研参考 |
| 300 | @a限内部发行 | |
| 410 | 0 | @120010@a教研参考 |
| 606 | @a政治思想史@y西方国家@z近代 | |
| 606 | 0 | @a政治学@x历史 |
| 606 | 0 | @a政治思想史 |
| 690 | @aD095.06@v3 | |
| 690 | @aD091.4@v3 | |
| 701 | 0 | @a穆霍帕德希亚@Amu huo pa de xi ya@b阿.库.@4著 |
| 702 | 0 | @a姚鹏@Ayao peng@4译 |
| 801 | 0 | @aCN@b上海图书馆@c20040429 |
| 801 | 2 | @aCN@bNLC@c20040429 |
| 905 | @dD091.4@e39@f1@b168837 | |
| 西方政治思想概述/(印)阿·库·穆霍帕德希亚著/姚鹏译.-北京:求实出版社,1984 |
| 215页;21cm.-(教研参考) |
| 限内部发行 |
| ISBN :CNY1.00 |
| ● |
| 相关链接 |
|
|
|
|
正题名:西方政治思想概述
索取号:D091.4/39
 
预约/预借
| 序号 | 登录号 | 条形码 | 馆藏地/架位号 | 状态 | 备注 |
| 1 | 0168837 | 001018767 | 第一借阅区/ [索取号:D091.4/39] | 在馆 | |
| 2 | 0168838 | 001019043 | 第一借阅区/ [索取号:D091.4/39] | 在馆 | |
| 3 | 0168839 | 001019034 | 第一样本阅览室/ [索取号:D091.4/39] | 在馆 |